Techno-Economic Analysis of Grid Connected Hybrid Indigenous Resources Based Energy System Across Various Climate Zones of Pakistan / (Record no. 613241)
[ view plain ]
| 000 -LEADER | |
|---|---|
| fixed length control field | 00545nam a22001577a 4500 |
| 082 ## - DEWEY DECIMAL CLASSIFICATION NUMBER | |
| Classification number | 621.4 |
| Author Mark | NAJ |
| 100 ## - MAIN ENTRY--PERSONAL NAME | |
| Personal name | Najib Ul Hassan (363475) |
| 245 ## - TITLE STATEMENT | |
| Title | Techno-Economic Analysis of Grid Connected Hybrid Indigenous Resources Based Energy System Across Various Climate Zones of Pakistan / |
| 264 ## - PRODUCTION, PUBLICATION, DISTRIBUTION, MANUFACTURE, AND COPYRIGHT NOTICE | |
| Place of production, publication, distribution, manufacture | Islamabad : |
| Name of producer, publisher, distributor, manufacturer | USPCAS-E, NUST |
| Date of production, publication, distribution, manufacture, or copyright notice | Jan, 2025 |
| 300 ## - PHYSICAL DESCRIPTION | |
| Extent | xiv, 42 p. |
| Accompanying material | +CD |
| 520 ## - SUMMARY, ETC. | |
| Summary, etc. | TH-623 |
| 650 ## - SUBJECT ADDED ENTRY--TOPICAL TERM | |
| Topical term or geographic name entry element | MS TEE Thesis |
| 650 ## - SUBJECT ADDED ENTRY--TOPICAL TERM | |
| Topical term or geographic name entry element | MS Thesis |
| 700 ## - ADDED ENTRY--PERSONAL NAME | |
| Personal name | Supervisor: Dr. Ali Abbas Kazmi |
| 942 ## - ADDED ENTRY ELEMENTS (KOHA) | |
| Source of classification or shelving scheme | |
| Koha item type | Thesis |
| Withdrawn status | Permanent Location | Current Location | Date acquired | Full call number | Barcode | Koha item type |
|---|---|---|---|---|---|---|
| US-Pakistan Center for Advanced Studies in Energy (USPCAS-E) | US-Pakistan Center for Advanced Studies in Energy (USPCAS-E) | 03/12/2025 | 621.4 NAJ | CAS-ETH0000623 | Thesis |
